00866cam a22002411 450000100060000000300080000600500170001400800390003103500190007004000320008904100080012108200210012910000370015024500650018726000660025230000270031849000390034550400270038465000380041194200120044999900170046195201460047831991BD-RjUL20211209051757.0140423r19641956nyu b 000 0 eng a(BD-RjUL)32080 aDLCcDLCdDLCdBD-RjULbeng aeng00a231.74bBAI 19641 aBaillie, John.d1886-1960.9362914aThe idea of revelation in recent thought /cby John Baillie. aNew York :bColumbia University Press,cc1956 [Reprint 1964]. aviii, 151 p. ;c21 cm.0 aBampton lectures in America, no. 7 aIncludes bibliography. 0aRevelation.xChristianity.992381 2ddccBK c31991d31991 00102ddc40718NFICaRUCLbRUCLcReadingd1967-04-26emirza book ajencyg7.25l0o231.74 BAI 1964r2014-04-23 00:00:00tC-1w2014-04-23yBK